000 00828cab a22002055a 4500
001 L159103
008 160128e2016 xxk 000 0 eng d
035 _a(Sirsi) u159103
041 0 _aeng
245 0 0 _aLone working
_bPart 1 A robust policy to protect staff and minimise risk
260 _c2016
490 _aLetting Update Journal
_v23(4) January 2016, 18-20(3)
520 _aPart 1 of a two part article on lone working looks at the risks affecting employees working alone and advises how employers can put together a lone working policy to ensure staff safety. Includes case studies to highlight risks to employees in practice. For Part 2 see L159266.
590 _aKA
650 2 4 _aLONE WORKING
650 2 4 _aRISK ASSESSMENT
651 4 _aUnited Kingdom
_y
690 _aHealth and safety
_96244
942 _n0
_2ddc
999 _c84801
_d84801